Exportação concluída — 

Indigenous difference and the constitution Canada

Na minha lista:
Detalhes bibliográficos
Autor principal: Patrick Macklem
Formato: Livro
Idioma:Undetermined
Publicado em: Canada Toronto Press 2001
Tags: Adicionar Tag
Sem tags, seja o primeiro a adicionar uma tag!
Thư viện lưu trữ: Trung tâm Học liệu Trường Đại học Cần Thơ
LEADER 00434nam a2200157Ia 4500
001 CTU_56152
008 210402s9999 xx 000 0 und d
082 |a 323.1197 
082 |b M158 
100 |a Patrick Macklem 
245 0 |a Indigenous difference and the constitution Canada 
245 0 |c Patrick Macklem 
260 |a Canada 
260 |b Toronto Press 
260 |c 2001 
980 |a Trung tâm Học liệu Trường Đại học Cần Thơ